[Event "BCF-chT2 0203 (4NCL)"]
[Site "West Bromwich"]
[Date "2003.01.18"]
[Round "3.2"]
[White "Thomas, Nicholas"]
[Black "Rossiter, Philip J"]
[Result "1/2-1/2"]
[WhiteElo "2256"]
[BlackElo "2374"]
[PlyCount "41"]
[EventDate "2002.11.??"]
[EventType "team"]
[EventRounds "11"]
[EventCountry "ENG"]
[SourceTitle "EXT 2004"]
[Source "ChessBase"]
[SourceDate "2003.11.25"]
[SourceVersion "1"]
[SourceVersionDate "2003.11.25"]
[SourceQuality "1"]
[WhiteTeam "Warwicks Select"]
[BlackTeam "Wessex"]
[WhiteTeamCountry "ENG"]
[BlackTeamCountry "ENG"]

1. e4 c5 2. Nc3 e6 3. g3 d5 4. exd5 exd5 5. Bg2 Nf6 6. Nge2 d4 7. Ne4 Nxe4 8. Bxe4 Bd6 9. d3 Nd7 10. 0-0 0-0 11. Bf4 Ne5 12. b4 cxb4 13. Nxd4 Bg4 14. Qd2 Qb6 15. Be3 Bc5 16. Nb3 Bxe3 17. Qxe3 Qc7 18. f4 Nd7 19. Rf2 Rfe8 20. Qd4 a5 21. f5 1/2-1/2

[Event "BCF-chT 0102 (4NCL)"]
[Site "Birmingham"]
[Date "2002.01.19"]
[Round "5.1"]
[White "Rossiter, Philip J"]
[Black "Kosten, Anthony C"]
[Result "1/2-1/2"]
[WhiteElo "2380"]
[BlackElo "2533"]
[PlyCount "116"]
[EventDate "2001.09.22"]
[EventType "team"]
[EventRounds "11"]
[EventCountry "ENG"]
[SourceTitle "CBM 084 Extra"]
[Source "ChessBase"]
[SourceDate "2001.10.26"]
[SourceVersion "1"]
[SourceVersionDate "2001.10.26"]
[SourceQuality "1"]
[WhiteTeam "Wessex"]
[BlackTeam "Guildford"]
[WhiteTeamCountry "ENG"]
[BlackTeamCountry "ENG"]

1. e4 e5 2. Nf3 Nc6 3. Bc4 Bc5 4. d3 Nf6 5. c3 a6 6. Nbd2 Ba7 7. 0-0 0-0 8. Bb3 d6 9. h3 Ne7 10. Re1 Ng6 11. d4 Re8 12. Ng5 Nh8 13. Ngf3 h6 14. Bc2 Ng6 15. Nc4 Bd7 16. Be3 b5 17. dxe5 dxe5 18. Bxa7 Rxa7 19. Ne3 Bc6 20. Nd5 Ra8 21. a4 Qd6 22. Nb4 Qxd1 23. Raxd1 Bb7 24. Nd5 Nxd5 25. exd5 Nf4 26. Rxe5 Rxe5 27. Nxe5 Bxd5 28. f3 Re8 29. Nd3 Nxd3 30. Rxd3 Bc4 31. Rd2 Kf8 32. b3 Be6 33. Kf2 bxa4 34. bxa4 a5 35. Be4 Rb8 36. Ke3 Ke7 37. Bc6 Rb6 38. Bb5 c6 39. Be2 Rb1 40. Kd4 Bb3 41. Kc5 Bxa4 42. Ra2 Bb3 43. Rxa5 Re1 44. Ra7+ Kf6 45. Bd3 Rg1 46. Rb7 Be6 47. Rb2 Ke5 48. Kxc6 Kf4 49. c4 Ke3 50. Be4 Bxc4 51. Kd6 Be2 52. Rb7 Rxg2 53. Rxf7 Rg3 54. h4 g5 55. hxg5 hxg5 56. Ke5 Bxf3 57. Bxf3 Rxf3 58. Rg7 Rg3 1/2-1/2

[Event "BCF-chT 0102 (4NCL)"]
[Site "Birmingham"]
[Date "2001.09.22"]
[Round "1.2"]
[White "Rossiter, Philip J"]
[Black "Levitt, Jonathan"]
[Result "1/2-1/2"]
[WhiteElo "2363"]
[BlackElo "2415"]
[PlyCount "52"]
[EventDate "2001.09.22"]
[EventType "team"]
[EventRounds "11"]
[EventCountry "ENG"]
[SourceTitle "CBM 084 Extra"]
[Source "ChessBase"]
[SourceDate "2001.10.26"]
[SourceVersion "1"]
[SourceVersionDate "2001.10.26"]
[SourceQuality "1"]
[WhiteTeam "Wessex"]
[BlackTeam "Wood Green II"]
[WhiteTeamCountry "ENG"]
[BlackTeamCountry "ENG"]

1. e4 e6 2. d4 d5 3. exd5 exd5 4. Nf3 Nf6 5. Bd3 Bg4 6. 0-0 Be7 7. Nbd2 0-0 8. c3 c5 9. dxc5 Bxc5 10. Nb3 Bb6 11. Bg5 h6 12. Bh4 g5 13. Bg3 Ne4 14. Bxb8 Rxb8 15. Bc2 Bh5 16. a4 a5 17. Nbd4 Qf6 18. Qd3 Rfe8 19. h3 Rbd8 20. Nh2 Bg6 21. Ng4 Qg7 22. Qb5 Bxd4 23. cxd4 Nd6 24. Qb3 Bxc2 25. Qxc2 h5 26. Ne3 Qxd4 1/2-1/2

[Event "BCF-chT2 0001 (4NCL)"]
[Site "Birmingham"]
[Date "2001.01.28"]
[Round "6.2"]
[White "Cobb, Charles"]
[Black "Rossiter, Philip J"]
[Result "0-1"]
[WhiteElo "2305"]
[BlackElo "2361"]
[PlyCount "62"]
[EventDate "2000.11.26"]
[EventType "team"]
[EventRounds "11"]
[EventCountry "ENG"]
[SourceTitle "CBM 079 Extra"]
[Source "ChessBase"]
[SourceDate "2001.01.11"]
[SourceVersion "2"]
[SourceVersionDate "2001.01.25"]
[SourceQuality "1"]
[WhiteTeam "Bristol"]
[BlackTeam "Wessex"]
[WhiteTeamCountry "ENG"]
[BlackTeamCountry "ENG"]

1. e4 c5 2. Nc3 e6 3. Nf3 a6 4. d4 cxd4 5. Nxd4 Qc7 6. Bd3 Nf6 7. 0-0 Bc5 8. Nb3 Be7 9. f4 d6 10. a4 b6 11. e5 dxe5 12. fxe5 Nfd7 13. Qg4 g6 14. Bh6 Nxe5 15. Qf4 Nbd7 16. Be4 Ra7 17. Rad1 f5 18. Nd4 Bc5 19. Kh1 Bxd4 20. Rxd4 Ng4 21. Bf3 Qxf4 22. Bxf4 e5 23. Rc4 0-0 24. Bd5+ Kg7 25. Bg3 Ne3 26. Re1 Nxc4 27. Bxc4 Rc7 28. Be6 f4 29. Bf2 Re8 30. Bb3 Bb7 31. Ne4 Bxe4 0-1

[Event "Portsmouth op"]
[Site "Portsmouth"]
[Date "2001.??.??"]
[Round "3"]
[White "Mansson, James C"]
[Black "Rossiter, Philip J"]
[Result "0-1"]
[WhiteElo "2100"]
[BlackElo "2361"]
[PlyCount "68"]
[EventDate "2001.03.??"]
[EventType "swiss"]
[EventRounds "6"]
[EventCountry "ENG"]
[SourceTitle "CBM 081 Extra"]
[Source "ChessBase"]
[SourceDate "2001.05.06"]
[SourceVersion "1"]
[SourceVersionDate "2001.05.06"]
[SourceQuality "1"]

1. e4 c5 2. Nf3 e6 3. d4 cxd4 4. Nxd4 a6 5. Nc3 Qc7 6. Be2 Bc5 7. Nb3 Be7 8. Be3 b5 9. f4 Bb7 10. Bf3 d6 11. 0-0 Nf6 12. a3 Nbd7 13. g4 Nb6 14. Na5 Nc4 15. Nxc4 bxc4 16. g5 Nd7 17. f5 0-0 18. Bg4 exf5 19. Bxf5 Ne5 20. h4 Rad8 21. Rf2 d5 22. Nxd5 Bxd5 23. exd5 Bc5 24. Bxc5 Qxc5 25. Qe2 Rxd5 26. Be4 Rd6 27. Kh1 c3 28. b3 Rd2 29. Bxh7+ Kxh7 30. Qh5+ Kg8 31. g6 fxg6 32. Rxf8+ Qxf8 33. Qxe5 Qf3+ 34. Kg1 Qg2# 0-1

[Event "BCF-chT2 0001 (4NCL)"]
[Site "Birmingham"]
[Date "2000.11.25"]
[Round "3.1"]
[White "Rossiter, Philip J"]
[Black "Davies, Nigel Rodney"]
[Result "1-0"]
[WhiteElo "2361"]
[BlackElo "2488"]
[PlyCount "91"]
[EventDate "2000.11.26"]
[EventType "team"]
[EventRounds "11"]
[EventCountry "ENG"]
[SourceTitle "CBM 079 Extra"]
[Source "ChessBase"]
[SourceDate "2001.01.11"]
[SourceVersion "2"]
[SourceVersionDate "2001.01.25"]
[SourceQuality "1"]
[WhiteTeam "Wessex"]
[BlackTeam "3CS Oldham"]
[WhiteTeamCountry "ENG"]
[BlackTeamCountry "ENG"]

1. e4 c5 2. Nc3 Nc6 3. Bb5 Nd4 4. Nf3 e6 5. 0-0 a6 6. Bd3 Ne7 7. b3 Nec6 8. Bb2 Nb4 9. Ne1 b5 10. Ne2 Ndc6 11. Ng3 Nxd3 12. Nxd3 h5 13. f4 h4 14. Nh5 Nd4 15. b4 d6 16. f5 Qg5 17. Nhf4 e5 18. Nd5 Bb7 19. Bxd4 cxd4 20. a4 Rc8 21. axb5 axb5 22. Ra7 Bxd5 23. exd5 Be7 24. Qe2 Rc4 25. Nf2 Qxf5 26. Ne4 Qg6 27. Qf3 Rc8 28. Qh3 Rd8 29. Qd3 h3 30. g3 Kf8 31. Qf3 Rh4 32. d3 Rf4 33. Qe2 Rxf1+ 34. Qxf1 Qg4 35. Nf2 Qf3 36. Qxh3 Kg8 37. Rxe7 Ra8 38. Qf1 g6 39. Rc7 Ra2 40. Nd1 Qxd5 41. Rc8+ Kg7 42. Qh3 Kf6 43. Qh4+ g5 44. Qh6+ Kf5 45. Rg8 f6 46. Qh3+ 1-0

[Event "BCF-chT2 9900 (4NCL)"]
[Site "Birmingham"]
[Date "2000.04.30"]
[Round "10.1"]
[White "Rossiter, Philip J"]
[Black "Taylor, Peter P"]
[Result "1/2-1/2"]
[WhiteElo "2368"]
[BlackElo "2187"]
[PlyCount "119"]
[EventDate "1999.10.??"]
[EventType "team"]
[EventRounds "11"]
[EventCountry "ENG"]
[SourceTitle "EXT 2001"]
[Source "ChessBase"]
[SourceDate "2000.11.22"]
[SourceVersion "1"]
[SourceVersionDate "2000.11.22"]
[SourceQuality "1"]
[WhiteTeam "Wessex"]
[BlackTeam "BIG II"]
[WhiteTeamCountry "ENG"]
[BlackTeamCountry "ENG"]

1. e4 c6 2. d4 d5 3. Nc3 dxe4 4. Nxe4 Bf5 5. Ng3 Bg6 6. Nf3 Nf6 7. Bc4 Nbd7 8. 0-0 e6 9. Qe2 Be7 10. Rd1 0-0 11. Nh4 Nd5 12. Nxg6 hxg6 13. Ne4 b5 14. Bb3 a5 15. a4 b4 16. Rd3 Re8 17. h4 Bxh4 18. Nd6 Rf8 19. Rh3 Be7 20. Ne4 Re8 21. Be3 f5 22. Nd2 Bf6 23. Nf3 Kf7 24. Qd2 Rh8 25. Ng5+ Bxg5 26. Bxg5 N7f6 27. Rxh8 Qxh8 28. f3 Qb8 29. Re1 Qd6 30. c4 bxc3 31. bxc3 Rb8 32. Bxd5 Qxd5 33. Re5 Rb1+ 34. Kh2 Qd6 35. Bf4 Qd8 36. Qa2 Ng4+ 37. Kg3 Nxe5 38. Qxb1 Nd7 39. Qb7 g5 40. Bd6 Kg6 41. Qxc6 Nf6 42. Kf2 g4 43. Be5 gxf3 44. gxf3 Qd5 45. Qxd5 Nxd5 46. c4 Nb6 47. c5 Nxa4 48. Bc7 Kf7 49. Bxa5 Ke7 50. Ke3 g5 51. Kd3 Kd7 52. Kc2 Kc6 53. Kb3 Nxc5+ 54. dxc5 Kxc5 55. Kc3 e5 56. Kd3 Kd5 57. Bd8 e4+ 58. fxe4+ fxe4+ 59. Ke3 g4 60. Bc7 1/2-1/2

[Event "BCF-chT2 9900 (4NCL)"]
[Site "Birmingham"]
[Date "2000.03.25"]
[Round "7.1"]
[White "Rossiter, Philip J"]
[Black "Headlong, Timothy"]
[Result "1/2-1/2"]
[WhiteElo "2369"]
[BlackElo "2261"]
[PlyCount "39"]
[EventDate "1999.10.??"]
[EventType "team"]
[EventRounds "11"]
[EventCountry "ENG"]
[SourceTitle "EXT 2001"]
[Source "ChessBase"]
[SourceDate "2000.11.22"]
[SourceVersion "1"]
[SourceVersionDate "2000.11.22"]
[SourceQuality "1"]
[WhiteTeam "Wessex"]
[BlackTeam "Witney"]
[WhiteTeamCountry "ENG"]
[BlackTeamCountry "ENG"]

1. e4 c5 2. Nc3 Nc6 3. Bb5 Nd4 4. Nf3 Nxb5 5. Nxb5 g6 6. d4 Bg7 7. Be3 Nf6 8. 0-0 Nxe4 9. dxc5 0-0 10. Bd4 f6 11. Qe2 a6 12. Qxe4 axb5 13. Qe2 e5 14. Be3 d5 15. cxd6 Qxd6 16. Qxb5 Qc7 17. Rfd1 Be6 18. Rd2 Ra6 19. a4 Rc8 20. b3 1/2-1/2

[Event "BCF-chT2 9900 (4NCL)"]
[Site "Birmingham"]
[Date "2000.01.22"]
[Round "5.1"]
[White "Longson, Alexander"]
[Black "Rossiter, Philip J"]
[Result "1/2-1/2"]
[WhiteElo "2148"]
[BlackElo "2369"]
[PlyCount "98"]
[EventDate "1999.10.??"]
[EventType "team"]
[EventRounds "11"]
[EventCountry "ENG"]
[SourceTitle "EXT 2001"]
[Source "ChessBase"]
[SourceDate "2000.11.22"]
[SourceVersion "1"]
[SourceVersionDate "2000.11.22"]
[SourceQuality "1"]
[WhiteTeam "Numerica 3CS"]
[BlackTeam "Wessex"]
[WhiteTeamCountry "ENG"]
[BlackTeamCountry "ENG"]

1. e4 c5 2. Nc3 e6 3. g3 d5 4. exd5 exd5 5. Bg2 Nf6 6. d3 d4 7. Nce2 Bd6 8. Nf3 0-0 9. 0-0 Bd7 10. Bf4 Bc6 11. Bxd6 Qxd6 12. Nf4 Nbd7 13. Re1 Rfe8 14. h3 Nb6 15. Qd2 Na4 16. Rab1 h6 17. c3 dxc3 18. bxc3 Nb6 19. h4 Nbd5 20. Nxd5 Qxd5 21. c4 Qd6 22. Qc3 Ng4 23. Rbd1 Rad8 24. Rxe8+ Rxe8 25. Re1 Rd8 26. Ne5 Qf6 27. f4 Bxg2 28. Kxg2 Nxe5 29. Rxe5 Qc6+ 30. Kf2 b6 31. Re1 Qd7 32. Re3 Qh3 33. Kg1 Qg4 34. Qe1 Rd4 35. Kf2 Kh7 36. Qe2 Qf5 37. Qf3 Rd8 38. Kg2 g6 39. Kf2 h5 40. Kg2 Rd7 41. Qe2 a6 42. a4 Qf6 43. Kh2 Qf5 44. Kg2 Rd4 45. Kh2 Kg7 46. Kg2 Qd7 47. Re8 Qd6 48. Re3 Qc6+ 49. Kh2 Qd6 1/2-1/2

[Event "BCF-chT2 9798 (4NCL)"]
[Site "England"]
[Date "1998.03.21"]
[Round "7.1"]
[White "James, Russell A"]
[Black "Rossiter, Philip J"]
[Result "1/2-1/2"]
[WhiteElo "2110"]
[BlackElo "2370"]
[PlyCount "84"]
[EventDate "1997.11.??"]
[EventType "team"]
[EventRounds "11"]
[EventCountry "ENG"]
[SourceTitle "EXT 1999"]
[Source "ChessBase"]
[SourceDate "1998.11.16"]
[SourceVersion "1"]
[SourceVersionDate "1998.11.16"]
[SourceQuality "1"]
[WhiteTeam "Guildford II"]
[BlackTeam "Wessex"]
[WhiteTeamCountry "ENG"]
[BlackTeamCountry "ENG"]

1. d4 Nf6 2. Bg5 Ne4 3. Bf4 d5 4. Nd2 Bf5 5. e3 e6 6. Ngf3 Bd6 7. Nxe4 Bxe4 8. Bxd6 Qxd6 9. Qd2 Bxf3 10. gxf3 Nd7 11. 0-0-0 0-0-0 12. Kb1 c5 13. Be2 Kb8 14. h4 h5 15. Qa5 Rc8 16. c4 dxc4 17. dxc5 Qxc5 18. Qxc5 Nxc5 19. Bxc4 Rhd8 20. b3 g6 21. Kb2 Nd7 22. f4 Nb6 23. Be2 Nd5 24. a3 Ne7 25. e4 Kc7 26. b4 Nc6 27. Rh3 Rxd1 28. Bxd1 Rd8 29. Kc1 Rd4 30. Re3 Kd6 31. Be2 f5 32. f3 a5 33. b5 Nb8 34. Kc2 Nd7 35. Kc3 Ra4 36. Kb2 Nc5 37. Bd3 fxe4 38. fxe4 Rd4 39. Bb1 Rd2+ 40. Kc3 Rh2 41. e5+ Ke7 42. Bxg6 Rxh4 1/2-1/2

[Event "BCF-chT2 9798 (4NCL)"]
[Site "England"]
[Date "1998.01.25"]
[Round "6.1"]
[White "Dunnington, Angus J"]
[Black "Rossiter, Philip J"]
[Result "0-1"]
[WhiteElo "2390"]
[BlackElo "2370"]
[PlyCount "78"]
[EventDate "1997.11.??"]
[EventType "team"]
[EventRounds "11"]
[EventCountry "ENG"]
[SourceTitle "EXT 1999"]
[Source "ChessBase"]
[SourceDate "1998.11.16"]
[SourceVersion "1"]
[SourceVersionDate "1998.11.16"]
[SourceQuality "1"]
[WhiteTeam "White Rose"]
[BlackTeam "Wessex"]
[WhiteTeamCountry "ENG"]
[BlackTeamCountry "ENG"]

1. Nf3 Nf6 2. c4 b6 3. g3 Bb7 4. Bg2 e6 5. 0-0 Be7 6. Nc3 0-0 7. Re1 c5 8. e4 d6 9. d4 cxd4 10. Nxd4 Qc8 11. b3 a6 12. Bb2 Qc7 13. Rc1 Nbd7 14. f4 Rac8 15. f5 e5 16. Nd5 Qd8 17. Nc2 Nxd5 18. cxd5 Bg5 19. Ne3 Rxc1 20. Bxc1 b5 21. Kh1 Qa5 22. Re2 Rc8 23. Nc4 Qd8 24. Bxg5 Qxg5 25. Ne3 a5 26. Qe1 b4 27. h4 Qd8 28. Rc2 Rxc2 29. Nxc2 Qc7 30. Ne3 Ba6 31. Bf1 Bxf1 32. Qxf1 Qc3 33. Qe2 Nf6 34. Nc4 Qxg3 35. Nxd6 Ng4 36. Qg2 Qxh4+ 37. Kg1 Qe1+ 38. Qf1 Qe3+ 39. Kh1 Qh6+ 0-1

[Event "BCF-chT2 9798 (4NCL)"]
[Site "England"]
[Date "1997.10.26"]
[Round "2.1"]
[White "Rossiter, Philip J"]
[Black "Mordue, A Tyson"]
[Result "0-1"]
[WhiteElo "2370"]
[BlackElo "2255"]
[PlyCount "74"]
[EventDate "1997.11.??"]
[EventType "team"]
[EventRounds "11"]
[EventCountry "ENG"]
[SourceTitle "EXT 1999"]
[Source "ChessBase"]
[SourceDate "1998.11.16"]
[SourceVersion "1"]
[SourceVersionDate "1998.11.16"]
[SourceQuality "1"]
[WhiteTeam "Wessex"]
[BlackTeam "Bristol II"]
[WhiteTeamCountry "ENG"]
[BlackTeamCountry "ENG"]

1. e4 c5 2. Nf3 d6 3. d4 cxd4 4. Nxd4 Nf6 5. Nc3 a6 6. h3 e6 7. g4 h6 8. Bg2 Be7 9. Be3 Qc7 10. Qe2 Nbd7 11. 0-0-0 Ne5 12. Kb1 Nc4 13. Bc1 Bd7 14. f4 Rc8 15. b3 Qa5 16. Qe1 Na3+ 17. Kb2 e5 18. Nf5 Bxf5 19. exf5 exf4 20. Rh2 0-0 21. Bf1 Rfe8 22. Na4 Qxe1 23. Rxe1 Nb5 24. Kb1 f3 25. Bb2 d5 26. Bxb5 axb5 27. Nb6 Bc5 28. Rf1 Bxb6 29. Bxf6 gxf6 30. Rxf3 Re1+ 31. Kb2 Bd4+ 32. c3 Be5 33. Rd2 b4 34. Rxd5 bxc3+ 35. Kc2 Re2+ 36. Kc1 c2 37. Rf1 Bb2+ 0-1

[Event "BCF-chT 9697 (4NCL)"]
[Site "England"]
[Date "1997.??.??"]
[Round "10.3"]
[White "McMichael, Richard"]
[Black "Rossiter, Philip J"]
[Result "0-1"]
[WhiteElo "2200"]
[BlackElo "2370"]
[PlyCount "80"]
[EventDate "1996.10.??"]
[EventType "team"]
[EventRounds "12"]
[EventCountry "ENG"]
[SourceTitle "EXT 1999"]
[Source "ChessBase"]
[SourceDate "1998.11.16"]
[SourceVersion "1"]
[SourceVersionDate "1998.11.16"]
[SourceQuality "1"]
[WhiteTeam "Na Fianna"]
[BlackTeam "Wessex"]
[WhiteTeamCountry "ENG"]
[BlackTeamCountry "ENG"]

1. b3 d5 2. e3 Nf6 3. Bb2 g6 4. f4 Bg7 5. Nf3 0-0 6. Be2 c5 7. 0-0 Nc6 8. Qe1 d4 9. Na3 Nd5 10. Bc4 a6 11. Bxd5 Qxd5 12. Nc4 Rb8 13. Qh4 b5 14. Nce5 Bb7 15. e4 Qd6 16. Ng4 f6 17. Rae1 Nb4 18. f5 g5 19. Qh5 Nxc2 20. h4 Nxe1 21. Rxe1 gxh4 22. Qxh4 e5 23. Kf2 Rf7 24. Rh1 Bxe4 25. Qxh7+ Kf8 26. Nh4 Ke8 27. Rf1 Bd5 28. Ng6 Kd7 29. d3 c4 30. Kg1 cxd3 31. Rd1 Rc8 32. Qh3 Rc2 33. Bc1 Rxg2+ 34. Qxg2 Bxg2 35. Kxg2 Qc6+ 36. Kg3 Qc2 37. Nf2 d2 38. Bxd2 Qxf5 39. Nh4 Qe6 40. Ne4 Bf8 0-1

[Event "BCF-chT 9697 (4NCL)"]
[Site "England"]
[Date "1996.11.24"]
[Round "4.2"]
[White "Rossiter, Philip J"]
[Black "Williams, Simon Kim"]
[Result "0-1"]
[WhiteElo "2370"]
[BlackElo "2350"]
[PlyCount "62"]
[EventDate "1996.10.??"]
[EventType "team"]
[EventRounds "12"]
[EventCountry "ENG"]
[SourceTitle "EXT 1999"]
[Source "ChessBase"]
[SourceDate "1998.11.16"]
[SourceVersion "1"]
[SourceVersionDate "1998.11.16"]
[SourceQuality "1"]
[WhiteTeam "Wessex"]
[BlackTeam "Richmond"]
[WhiteTeamCountry "ENG"]
[BlackTeamCountry "ENG"]

1. e4 c5 2. Nf3 d6 3. d4 cxd4 4. Nxd4 Nf6 5. Nc3 g6 6. Be2 Bg7 7. 0-0 0-0 8. Nb3 Nbd7 9. f4 b5 10. a3 Bb7 11. Bf3 a5 12. Re1 b4 13. axb4 axb4 14. Rxa8 Qxa8 15. Nd5 Nxd5 16. exd5 Nb6 17. Rxe7 Bxd5 18. Bxd5 Nxd5 19. Re1 Rc8 20. h3 Bf6 21. Qd3 Kg7 22. Kh2 h5 23. Nd4 Nb6 24. Nb5 d5 25. Be3 Qb8 26. Bd4 Nd7 27. c3 Rc4 28. b3 Rc6 29. Re7 Nc5 30. Bxc5 Rxc5 31. cxb4 Qxf4+ 0-1

[Event "Lloyds Bank op 18th"]
[Site "London"]
[Date "1994.??.??"]
[Round "1"]
[White "Chernin, Alexander"]
[Black "Rossiter, Philip J"]
[Result "1-0"]
[WhiteElo "2615"]
[BlackElo "2380"]
[PlyCount "68"]
[EventDate "1994.08.??"]
[EventType "swiss"]
[EventRounds "10"]
[EventCountry "ENG"]
[SourceTitle "EXT 2000"]
[Source "ChessBase"]
[SourceDate "1999.11.16"]
[SourceVersion "1"]
[SourceVersionDate "1999.11.16"]
[SourceQuality "1"]

1. c4 e5 2. Nc3 Nf6 3. Nf3 Nc6 4. a3 g6 5. g3 Bg7 6. Bg2 0-0 7. 0-0 Re8 8. h3 d6 9. e4 Nd4 10. d3 Nxf3+ 11. Qxf3 h6 12. Qe2 c6 13. Be3 Be6 14. Rad1 d5 15. exd5 cxd5 16. d4 exd4 17. Rxd4 Nd7 18. Qd2 Nc5 19. cxd5 Nb3 20. dxe6 Nxd2 21. exf7+ Kxf7 22. Rxd2 Qa5 23. Bd5+ Re6 24. b4 Qa6 25. Ne4 Bf8 26. Bc5 Be7 27. Bxe7 Kxe7 28. Nc5 Qxa3 29. Bxe6 Rd8 30. Re2 Kf6 31. Re4 b6 32. Rf4+ Kg7 33. Rf7+ Kh8 34. Nd7 Rxd7 1-0

[Event "Hastings op 9495"]
[Site "Hastings"]
[Date "1994.??.??"]
[Round "?"]
[White "Flear, Glenn C"]
[Black "Rossiter, Philip J"]
[Result "1-0"]
[WhiteElo "2505"]
[BlackElo "2380"]
[PlyCount "141"]
[EventDate "1994.12.??"]
[EventType "swiss"]
[EventRounds "9"]
[EventCountry "ENG"]
[SourceTitle "EXT 1998"]
[Source "ChessBase"]
[SourceDate "1997.11.17"]
[SourceVersion "1"]
[SourceVersionDate "1997.11.17"]
[SourceQuality "1"]

1. d4 d5 2. c4 e6 3. Nc3 c5 4. cxd5 exd5 5. Nf3 Nc6 6. g3 Nf6 7. Bg2 Be7 8. 0-0 0-0 9. Bg5 cxd4 10. Nxd4 h6 11. Be3 Re8 12. Rc1 Bf8 13. Qa4 Na5 14. Rcd1 Bd7 15. Qc2 Rc8 16. Qb1 Bg4 17. h3 Bh5 18. g4 Bg6 19. Nf5 Nc4 20. Nxd5 Nxe3 21. Ndxe3 Qb6 22. b3 Bc5 23. Nc4 Qc7 24. e3 h5 25. Qb2 hxg4 26. Nfd6 Be4 27. hxg4 Bxg2 28. Kxg2 b5 29. Nxe8 Rxe8 30. Nd2 Qc6+ 31. Nf3 Qe4 32. Rd4 Bxd4 33. Qxd4 Nxg4 34. Qxe4 Rxe4 35. Rc1 Re7 36. Rc8+ Kh7 37. Rb8 Rc7 38. Nd4 Nf6 39. Rxb5 Ne4 40. Ra5 Kg6 41. Ra6+ Kg5 42. Kf3 Nc3 43. a4 Rb7 44. Rc6 Na2 45. Nb5 Nb4 46. Rc7 Rxc7 47. Nxc7 Kf5 48. Ke2 g5 49. Nb5 a6 50. Nd4+ Ke4 51. f3+ Kd5 52. Kd2 a5 53. Nf5 Nc6 54. Kc3 Ne5 55. b4 axb4+ 56. Kxb4 Nxf3 57. Kb5 Ne1 58. a5 Nc2 59. a6 Na3+ 60. Kb4 Nc2+ 61. Kb3 Nxe3 62. a7 Nxf5 63. a8Q+ Ke5 64. Qe8+ Kf6 65. Qd8+ Kg6 66. Qg8+ Ng7 67. Kc3 Kf6 68. Kd3 Nf5 69. Qd8+ Kg6 70. Ke4 Nh6 71. Qc8 1-0

[Event "Lloyds Bank op 18th"]
[Site "London"]
[Date "1994.??.??"]
[Round "7"]
[White "King, Daniel J"]
[Black "Rossiter, Philip J"]
[Result "1-0"]
[WhiteElo "2495"]
[BlackElo "2380"]
[PlyCount "53"]
[EventDate "1994.08.??"]
[EventType "swiss"]
[EventRounds "10"]
[EventCountry "ENG"]
[SourceTitle "EXT 2000"]
[Source "ChessBase"]
[SourceDate "1999.11.16"]
[SourceVersion "1"]
[SourceVersionDate "1999.11.16"]
[SourceQuality "1"]

1. e4 e5 2. Bc4 Bc5 3. Nf3 d6 4. c3 Qe7 5. 0-0 Nf6 6. Re1 0-0 7. d4 Bb6 8. h3 Re8 9. Nbd2 Nbd7 10. Nf1 Nf8 11. Ng3 c6 12. a4 Bc7 13. b4 a6 14. Bd3 Ng6 15. a5 Qd8 16. Qc2 Nf4 17. Bxf4 exf4 18. Nf1 h6 19. N1h2 Nh7 20. e5 Ng5 21. exd6 Bxd6 22. Rxe8+ Qxe8 23. Re1 Qd8 24. Nxg5 hxg5 25. Qe2 Bd7 26. Qh5 f5 27. Bc4+ 1-0

[Event "Lloyds Bank op 18th"]
[Site "London"]
[Date "1994.??.??"]
[Round "3"]
[White "Mah, Karl"]
[Black "Rossiter, Philip J"]
[Result "1-0"]
[WhiteElo "2175"]
[BlackElo "2380"]
[PlyCount "80"]
[EventDate "1994.08.??"]
[EventType "swiss"]
[EventRounds "10"]
[EventCountry "ENG"]
[SourceTitle "EXT 2000"]
[Source "ChessBase"]
[SourceDate "1999.11.16"]
[SourceVersion "1"]
[SourceVersionDate "1999.11.16"]
[SourceQuality "1"]

1. e4 e5 2. Nc3 Bc5 3. g3 d6 4. Na4 Bb4 5. a3 Ba5 6. b4 Bb6 7. Nxb6 axb6 8. Bg2 Nc6 9. Bb2 Nf6 10. Ne2 h5 11. h3 Be6 12. f4 Bc4 13. d3 Bb5 14. Nc3 Ba4 15. Nxa4 Rxa4 16. b5 Ne7 17. fxe5 dxe5 18. Bxe5 Ng6 19. Bb2 Nd7 20. 0-0 Ra5 21. Rf5 h4 22. Bxg7 Rg8 23. Bc3 hxg3 24. Bxa5 bxa5 25. d4 Ndf8 26. Qd2 Ne6 27. c3 Nh4 28. Rh5 Qe7 29. a4 Ng6 30. Rf1 b6 31. e5 Qa3 32. d5 Nc5 33. d6 Ne6 34. Bc6+ Kf8 35. dxc7 Qc5+ 36. Kg2 Ne7 37. Qd6 Kg7 38. Qxc5 bxc5 39. Rh4 Ng6 40. Rg4 Nxc7 1-0

[Event "Oakham schev"]
[Site "Oakham"]
[Date "1994.??.??"]
[Round "3"]
[White "Rossiter, Philip J"]
[Black "Ward, Christopher"]
[Result "1/2-1/2"]
[WhiteElo "2400"]
[BlackElo "2495"]
[PlyCount "91"]
[EventDate "1994.??.??"]
[EventType "schev"]
[EventRounds "9"]
[EventCountry "ENG"]
[SourceTitle "EXT 1997"]
[Source "ChessBase"]
[SourceDate "1996.11.15"]
[SourceVersion "1"]
[SourceVersionDate "1996.11.15"]
[SourceQuality "1"]

1. d4 Nf6 2. c4 e6 3. Nc3 Bb4 4. e3 b6 5. Nge2 Ne4 6. Qc2 Bb7 7. a3 Bxc3+ 8. Nxc3 Nxc3 9. Qxc3 0-0 10. b4 d6 11. Bb2 f5 12. d5 e5 13. Bd3 c6 14. 0-0 cxd5 15. f4 Nd7 16. cxd5 Bxd5 17. Bc4 Bxc4 18. Qxc4+ Kh8 19. Rad1 Qe7 20. Qc6 exf4 21. exf4 Nf6 22. Qxd6 Qe3+ 23. Kh1 Rae8 24. Be5 Ng4 25. Bd4 Qe6 26. Qxe6 Rxe6 27. Rfe1 Rxe1+ 28. Rxe1 Rd8 29. h3 Kg8 30. Bb2 Nf2+ 31. Kg1 Ne4 32. Rc1 Rd7 33. Be5 Kf7 34. a4 Ke6 35. a5 bxa5 36. bxa5 g5 37. Rc6+ Kd5 38. Ra6 g4 39. hxg4 fxg4 40. Kf1 Rb7 41. Ke2 h5 42. Rh6 Rb5 43. Ra6 Rb7 44. Rh6 Rb5 45. Ra6 Rb7 46. Rh6 1/2-1/2

[Event "Hastings op 9495"]
[Site "Hastings"]
[Date "1994.??.??"]
[Round "?"]
[White "Spangenberg, Hugo"]
[Black "Rossiter, Philip J"]
[Result "1-0"]
[WhiteElo "2530"]
[BlackElo "2380"]
[PlyCount "39"]
[EventDate "1994.12.??"]
[EventType "swiss"]
[EventRounds "9"]
[EventCountry "ENG"]
[SourceTitle "EXT 1998"]
[Source "ChessBase"]
[SourceDate "1997.11.17"]
[SourceVersion "1"]
[SourceVersionDate "1997.11.17"]
[SourceQuality "1"]

1. e4 e5 2. Nc3 Bc5 3. Nf3 d6 4. d4 exd4 5. Nxd4 Qe7 6. Nb3 Bb6 7. Bd3 Qh4 8. g3 Qg4 9. Be2 Qg6 10. h4 Nc6 11. Bf4 Nh6 12. h5 Qe6 13. Rh4 Bd7 14. a4 Na5 15. Nd4 Bxd4 16. Qxd4 Rg8 17. Nd5 0-0-0 18. Qxa7 Nc6 19. Qa8+ Nb8 20. Qa5 1-0